Central Library || Chittagong University

American empire : (Record no. 111257)

MARC details
000 -LEADER
fixed length control field 00503nam a22001697a 4500
003 - CONTROL NUMBER IDENTIFIER
control field BD-ChCU
005 - DATE AND TIME OF LATEST TRANSACTION
control field 20260126093608.0
008 - FIXED-LENGTH DATA ELEMENTS--GENERAL INFORMATION
fixed length control field 260126b bg ||||| |||| 00| 0 ben d
040 ## - CATALOGING SOURCE
Transcribing agency BD-ChCU
082 ## - DEWEY DECIMAL CLASSIFICATION NUMBER
Classification number 327.73 SWA
100 ## - MAIN ENTRY--PERSONAL NAME
Personal name Swomley , john M.
9 (RLIN) 19649
245 ## - TITLE STATEMENT
Title American empire :
Remainder of title the political ethics of twentieth - century conquest ./
Statement of responsibility, etc. John M. Swomley
260 ## - PUBLICATION, DISTRIBUTION, ETC.
Place of publication, distribution, etc. London :
Name of publisher, distributor, etc. Macmillan ,
Date of publication, distribution, etc. C 1970
300 ## - PHYSICAL DESCRIPTION
Extent 250p
650 #0 - SUBJECT ADDED ENTRY--TOPICAL TERM
Topical term or geographic name entry element U.S. - Foreign Relations.
9 (RLIN) 19650
942 ## - ADDED ENTRY ELEMENTS (KOHA)
Source of classification or shelving scheme Dewey Decimal Classification
Koha item type Books
Suppress in OPAC No
Holdings
Withdrawn status Lost status Source of classification or shelving scheme Damaged status Not for loan Home library Current library Shelving location Date acquired Source of acquisition Total Checkouts Full call number Barcode Date last seen Copy number Price effective from Koha item type
    Dewey Decimal Classification     Chittagong University Library Chittagong University Library Business and Social Science Reading Room 01/26/2026 Purchase   327.73 SWA 123609 01/26/2026 C-1 01/26/2026 Books
    Dewey Decimal Classification     Chittagong University Library Chittagong University Library Business and Social Science Reading Room 01/26/2026 Purchase   327.73 SWA 123610 01/26/2026 C-2 01/26/2026 Books
    Dewey Decimal Classification     Chittagong University Library Chittagong University Library Business and Social Science Reading Room 01/26/2026 Purchase   327.73 SWA 123611 01/26/2026 C-3 01/26/2026 Books
© Copyright 2026. Chittagong University Library, Installation and Maintenance by Prof. Dr. Md. Alamgir, 01711306253